[Event "Pan American-ch School U15 Girls 12th"]
[Site "Callao"]
[Date "2023.10.21"]
[Round "9"]
[White "Neciosup Calvo, Abigail Mariana"]
[Black "Guevara Huamani, Jhady Julieth"]
[Result "1/2-1/2"]
[WhiteElo "1105"]
[BlackElo "1123"]
[PlyCount "78"]
[EventDate "2023.10.16"]
[EventType "swiss"]
[EventRounds "9"]
[EventCountry "PER"]
[SourceTitle "Mega2024 Update 01"]
[Source "Chessbase"]
[SourceDate "2023.11.12"]
[SourceVersion "1"]
[SourceVersionDate "2023.11.12"]
[SourceQuality "1"]

1. e4 c5 2. Nf3 e6 3. c3 Qc7 4. d4 cxd4 5. cxd4 d6 6. Nc3 a6 7. Bd3 Nd7 8. Be3 Ngf6 9. Rc1 Qb8 10. h3 b5 11. a3 Be7 12. Qc2 Bb7 13. Qe2 0-0 14. g4 d5 15. e5 Ne4 16. Qc2 f5 17. gxf5 exf5 18. Bxe4 dxe4 19. Ng5 Bxg5 20. Bxg5 e3 21. Rg1 exf2+ 22. Qxf2 Qe8 23. Bf4 Qe6 24. Qg3 Rf7 25. h4 Nb6 26. Ke2 Rd8 27. Rcd1 Qc4+ 28. Qd3 Qe6 29. Rg3 Nc4 30. d5 Bxd5 31. Nxd5 Kh8 32. Qd4 Rfd7 33. Rgd3 Rxd5 34. Qxd5 Rxd5 35. Rxd5 h6 36. b3 Nxa3 37. Rd6 Qxb3 38. R6d3 Qc2+ 39. Ke3 Nc4+ 1/2-1/2